LDR 01114naa#a2200217#i#450# 001 RU\\bibl\125693 005 20260630080217.2 011 ## _a2782-5957 100 ## _a20260630b2026####ek#y0rusy0150####ca 102 ## _aRU 200 1# _aПРИМЕНЕНИЕ ПЛОСКИХ АМОРТИЗАТОРОВ В УЗЛАХ ПОДВЕСКИ ТЯГОВЫХ ЭЛЕКТРОДВИГАТЕЛЕЙ ТЕПЛОВОЗОВ _eЖурнальная статья 210 1# _aБрянск _cБрянский государственный технический университет _d2026 215 ## _a9 с. 608 ## _aЖурнальная статья _2local 675 ## _aКолеса. 629.4.027.4 _aЭксплуатация железнодорожного транспорта. 656.2 _z 686 ## _aЖелезнодорожный транспорт. 392 _2bbk 700 #1 _aВоробьев _gВладимир Иванович 700 #1 _aПугачев _gАлександр Анатольевич 700 #1 _aИзмеров _gОлег Васильевич 700 #1 _aФатеев _gАндрей Анатольевич 856 4# _abstu.editorum.ru _u